Statistics for Countries with the Most Neighbors within 100 Kilometers

Click here to take the quiz!

General Stats

  • This quiz has been taken 3,961 times
  • The average score is 12 of 14

Answer Stats

#Country% Correct
16China
97%
16Russia
97%
12Germany
94%
12France
92%
10Brazil
87%
9DR Congo
84%
14Italy
83%
9Austria
77%
9Serbia
77%
10Poland
75%
10Iran
74%
10Turkey
73%
9Hungary
72%
11Saudi Arabia
72%

Score Distribution

Percentile by Number Answered

Percent of People with Each Score

Your Score History

You have not taken this quiz